Адаптация технологии покомпонентной закачки гелеобразующего состава для северного блока месторождения "Белый Тигр", (Вьетнам); Проблемы геологии и освоения недр; Т. 2
| Parent link: | Проблемы геологии и освоения недр: труды XVIII Международного симпозиума имени академика М. А. Усова студентов и молодых ученых, Томск, 7-11 апреля 2014 г./ Национальный исследовательский Томский политехнический университет (ТПУ), Институт природных ресурсов (ИПР) ; Общество инженеров-нефтяников, международная некоммерческая организация, Студенческий чаптер ; под ред. А. Ю. Дмитриева.— , 2014 Т. 2.— [С. 138-140] |
|---|---|
| Päätekijä: | |
| Yhteisötekijä: | |
| Muut tekijät: | , |
| Yhteenveto: | Заглавие с экрана |
| Kieli: | venäjä |
| Julkaistu: |
|
| Sarja: | Современные технологии разработки нефтяных и газовых месторождений |
| Aiheet: | |
| Linkit: | http://earchive.tpu.ru/handle/11683/65555 http://www.lib.tpu.ru/fulltext/c/2014/C11/V2/053.pdf |
| Aineistotyyppi: | Elektroninen Kirjan osa |
| KOHA link: | https://koha.lib.tpu.ru/cgi-bin/koha/opac-detail.pl?biblionumber=608478 |
MARC
| LEADER | 00000naa2a2200000 4500 | ||
|---|---|---|---|
| 001 | 608478 | ||
| 005 | 20260323132737.0 | ||
| 035 | |a (RuTPU)RU\TPU\conf\5909 | ||
| 035 | |a RU\TPU\conf\5908 | ||
| 090 | |a 608478 | ||
| 100 | |a 20141001d2014 k y0rusy50 ca | ||
| 101 | 0 | |a rus | |
| 102 | |a RU | ||
| 135 | |a drcn ---uucaa | ||
| 181 | 0 | |a i | |
| 182 | 0 | |a b | |
| 200 | 1 | |a Адаптация технологии покомпонентной закачки гелеобразующего состава для северного блока месторождения "Белый Тигр", (Вьетнам) |f Чан Тхань Нам |g науч. рук. В. М. Галкин, И. В. Кувшинов | |
| 203 | |a Текст |c электронный | ||
| 225 | 1 | |a Современные технологии разработки нефтяных и газовых месторождений | |
| 300 | |a Заглавие с экрана | ||
| 320 | |a [Библиогр.: с. 140 (4 назв.)] | ||
| 337 | |a Adobe Reader | ||
| 461 | 1 | |0 (RuTPU)RU\TPU\conf\5590 |t Проблемы геологии и освоения недр |o труды XVIII Международного симпозиума имени академика М. А. Усова студентов и молодых ученых, Томск, 7-11 апреля 2014 г. |o в 2 т. |f Национальный исследовательский Томский политехнический университет (ТПУ), Институт природных ресурсов (ИПР) ; Общество инженеров-нефтяников, международная некоммерческая организация, Студенческий чаптер ; под ред. А. Ю. Дмитриева |d 2014 | |
| 463 | 1 | |0 (RuTPU)RU\TPU\conf\5595 |t Т. 2 |v [С. 138-140] | |
| 610 | 1 | |a труды учёных ТПУ | |
| 610 | 1 | |a электронный ресурс | |
| 610 | 1 | |a закачка | |
| 610 | 1 | |a гелеобразующие составы | |
| 610 | 1 | |a месторождения | |
| 610 | 1 | |a Белый Тигр | |
| 610 | 1 | |a Вьетнам | |
| 700 | 0 | |a Чан Тхань Нам | |
| 702 | 1 | |a Галкин |b В. М. |c геолог |c доцент Томского политехнического университета, кандидат физико-математических наук |f 1955- |g Владислав Михайлович |4 727 | |
| 702 | 1 | |a Кувшинов |b И. В. |4 727 | |
| 712 | 0 | 2 | |a Национальный исследовательский Томский политехнический университет (ТПУ) |b Институт природных ресурсов (ИПР) |b Кафедра геологии и разведки полезных ископаемых (ГРПИ) |3 (RuTPU)RU\TPU\col\18660 |
| 801 | 2 | |a RU |b 63413507 |c 20210916 |g RCR | |
| 856 | 4 | |u http://earchive.tpu.ru/handle/11683/65555 | |
| 856 | 4 | |u http://www.lib.tpu.ru/fulltext/c/2014/C11/V2/053.pdf | |
| 942 | |c BK | ||